[Event "Hong Kong Summer op"]
[Site "Hong Kong"]
[Date "2015.08.10"]
[Round "9"]
[White "Lau, Joe Yiu Cho"]
[Black "Chan, Chak Man"]
[Result "0-1"]
[WhiteElo "1589"]
[BlackElo "1858"]
[PlyCount "84"]
[EventDate "2015.06.22"]
[EventType "swiss"]
[EventRounds "9"]
[EventCountry "HKG"]
[SourceTitle "EXT 2016"]
[Source "ChessBase"]
[SourceDate "2015.10.08"]
[SourceVersion "1"]
[SourceVersionDate "2015.10.08"]
[SourceQuality "1"]

1. e4 e5 2. Nf3 Nc6 3. Nc3 Be7 4. Bb5 d6 5. Bxc6+ bxc6 6. d3 Nf6 7. h3 Rb8 8. b3 c5 9. Bb2 c6 10. 0-0 0-0 11. Ne2 Ne8 12. Ng3 g6 13. Qd2 Ng7 14. a4 f5 15. exf5 gxf5 16. Rfe1 Bf6 17. Rab1 Be6 18. Qh6 Bd5 19. Nh5 Bxf3 20. gxf3 Rb7 21. f4 Nxh5 22. Qxh5 Rg7+ 23. Kh1 Qd7 24. fxe5 dxe5 25. Rg1 Rff7 26. f3 Qe6 27. Qh6 Re7 28. Rxg7+ Bxg7 29. Qxe6+ Rxe6 30. Rg1 Kf7 31. f4 Bf6 32. fxe5 Bxe5 33. Bxe5 Rxe5 34. Rg2 Kf6 35. Kh2 f4 36. h4 Rh5 37. Kh3 Kf5 38. Rf2 Rh6 39. Rg2 f3 40. Rg8 Kf4 41. Rg4+ Ke3 42. Kg3 Rg6 0-1

[Event "Hong Kong Summer op"]
[Site "Hong Kong"]
[Date "2015.07.27"]
[Round "7"]
[White "Ho, Nok Hang Jonathan"]
[Black "Chan, Chak Man"]
[Result "0-1"]
[WhiteElo "1463"]
[BlackElo "1858"]
[PlyCount "28"]
[EventDate "2015.06.22"]
[EventType "swiss"]
[EventRounds "9"]
[EventCountry "HKG"]
[SourceTitle "EXT 2016"]
[Source "ChessBase"]
[SourceDate "2015.10.08"]
[SourceVersion "1"]
[SourceVersionDate "2015.10.08"]
[SourceQuality "1"]

1. e4 b6 2. d4 Bb7 3. Bd3 g6 4. Nf3 Bg7 5. Qe2 d6 6. Be3 Nf6 7. Nbd2 0-0 8. 0-0 Nc6 9. c3 e5 10. Rfe1 h6 11. d5 Ne7 12. Ba6 Bxa6 13. Qxa6 Ng4 14. Qd3 f5 0-1

[Event "Hong Kong-ch prel"]
[Site "Hong Kong"]
[Date "2015.02.09"]
[Round "6"]
[White "Au, Ka Pang"]
[Black "Chan, Chak Man"]
[Result "0-1"]
[WhiteElo "1666"]
[BlackElo "1864"]
[PlyCount "92"]
[EventDate "2015.01.05"]
[EventType "swiss"]
[EventRounds "9"]
[EventCountry "HKG"]
[SourceTitle "EXT 2016"]
[Source "ChessBase"]
[SourceDate "2015.10.08"]
[SourceVersion "1"]
[SourceVersionDate "2015.10.08"]
[SourceQuality "1"]

1. e4 Nf6 2. e5 Nd5 3. d4 d6 4. Nf3 g6 5. Bc4 Nb6 6. Bb3 d5 7. 0-0 Bg7 8. Be3 Nc6 9. Nc3 0-0 10. Re1 Na5 11. h3 Nac4 12. Bxc4 Nxc4 13. Rb1 Nxe3 14. fxe3 b6 15. Ne2 Bb7 16. c3 e6 17. Nh2 Qe7 18. Rf1 f6 19. exf6 Rxf6 20. Rxf6 Bxf6 21. Nc1 Ba6 22. Nd3 Rf8 23. Nf3 c5 24. Nde5 Bxe5 25. dxe5 Qc7 26. Qc2 Bb5 27. Rc1 Qg7 28. e4 Bc6 29. Re1 dxe4 30. Nd2 Qxe5 31. Nc4 Qg3 32. Re3 Qf4 33. Re1 Bb5 34. Na3 Bd3 35. Qc1 Qf2+ 36. Kh2 a6 37. Kh1 b5 38. Kh2 Rf5 39. Kh1 Kg7 40. Kh2 h6 41. Kh1 Kg8 42. Kh2 Kh7 43. Kh1 Kg7 44. Kh2 Rg5 45. Rg1 e3 46. Kh1 Be4 0-1

[Event "Hong Kong-ch prel"]
[Site "Hong Kong"]
[Date "2015.01.26"]
[Round "4"]
[White "Lau, Joe Yiu Cho"]
[Black "Chan, Chak Man"]
[Result "1/2-1/2"]
[WhiteElo "1570"]
[BlackElo "1864"]
[PlyCount "168"]
[EventDate "2015.01.05"]
[EventType "swiss"]
[EventRounds "9"]
[EventCountry "HKG"]
[SourceTitle "EXT 2016"]
[Source "ChessBase"]
[SourceDate "2015.10.08"]
[SourceVersion "1"]
[SourceVersionDate "2015.10.08"]
[SourceQuality "1"]

1. d4 Nf6 2. c4 g6 3. Nc3 d5 4. cxd5 Nxd5 5. e4 Nxc3 6. bxc3 Bg7 7. f4 0-0 8. Nf3 c5 9. Be3 Nc6 10. e5 cxd4 11. cxd4 Qa5+ 12. Qd2 Qxd2+ 13. Bxd2 Rd8 14. Bc3 Bh6 15. g3 Bg4 16. Be2 Bxf3 17. Bxf3 Nxd4 18. Bxd4 Rxd4 19. Bxb7 Rb8 20. Rb1 g5 21. fxg5 Bxg5 22. 0-0 Be3+ 23. Kh1 Rd2 24. a4 Bd4 25. Rb5 e6 26. Rf4 Bxe5 27. Rg4+ Bg7 28. a5 f5 29. Rc4 Rbd8 30. Rc8 Bf6 31. a6 Kf7 32. Rxd8 Bxd8 33. Bc8 Bb6 34. Rb1 Rc2 35. Bd7 Ke7 36. Bb5 e5 37. Bd3 Rf2 38. Rf1 Rxf1+ 39. Bxf1 Kf6 40. Kg2 e4 41. Be2 Ke5 42. Bd1 Be3 43. Be2 Kd4 44. Bh5 Bg5 45. Be2 Ke3 46. Bb5 f4 47. gxf4 Bxf4 48. h3 Bc7 49. Bc4 Ba5 50. Bb5 Be1 51. Bc4 h5 52. Bb5 h4 53. Bc4 Bb4 54. Bb5 Bc5 55. Bc4 Bd6 56. Bb5 Bg3 57. Bc4 Bf4 58. Bb5 Bg3 59. Bc4 Kd2 60. Kf1 Ke3 61. Bb5 Be5 62. Ke1 Kf3 63. Bc6 Bd4 64. Kf1 Bc5 65. Bd5 Bf8 66. Bc6 Bh6 67. Bd5 Bd2 68. Bc6 Bg5 69. Bd5 Bh6 70. Bc6 Bd2 71. Bd5 Ke3 72. Bc4 Bb4 73. Bb5 Bd6 74. Bc4 Bg3 75. Bb5 Kd2 76. Be2 Bd6 77. Bb5 Bc5 78. Be2 Ke3 79. Bb5 Kf3 80. Be2+ Kg3 81. Bg4 Be7 82. Ke2 Kg2 83. Bc8 Bg5 84. Bf5 e3 1/2-1/2

[Event "Hong Kong-ch prel"]
[Site "Hong Kong"]
[Date "2015.01.05"]
[Round "1"]
[White "Chan, Chak Man"]
[Black "Au, Matthew"]
[Result "0-1"]
[WhiteElo "1864"]
[BlackElo "1617"]
[PlyCount "82"]
[EventDate "2015.01.05"]
[EventType "swiss"]
[EventRounds "9"]
[EventCountry "HKG"]
[SourceTitle "EXT 2016"]
[Source "ChessBase"]
[SourceDate "2015.10.08"]
[SourceVersion "1"]
[SourceVersionDate "2015.10.08"]
[SourceQuality "1"]

1. Nf3 c5 2. g3 Nc6 3. Bg2 Nf6 4. d4 cxd4 5. Nxd4 g6 6. 0-0 Bg7 7. c3 0-0 8. Nd2 d5 9. N2b3 e5 10. Nxc6 bxc6 11. c4 e4 12. Bg5 Qd6 13. cxd5 cxd5 14. Bxf6 Bxf6 15. Bxe4 Be6 16. Bg2 Bxb2 17. Rb1 Bc3 18. Qd3 Rac8 19. Rfc1 Bb4 20. Nd4 Rc4 21. Nxe6 Rxc1+ 22. Rxc1 fxe6 23. Qd4 Qb6 24. e3 Qxd4 25. exd4 a5 26. Bh3 Re8 27. f4 Bd2 28. Rd1 Bc3 29. Kf2 Kf7 30. g4 Rb8 31. Rd3 Rb2+ 32. Kf3 Rc2 33. g5 a4 34. a3 Bb2 35. Re3 Rc6 36. Bf1 Bxd4 37. Rd3 Rc3 38. Ke2 Rxd3 39. Kxd3 Bb2 40. Kd2 Bxa3 41. Kc2 Bd6 0-1

[Event "Olympiad-41"]
[Site "Tromsoe"]
[Date "2014.08.08"]
[Round "6.3"]
[White "Calicoca, Wilton Inacio"]
[Black "Chan, Chak Man"]
[Result "1-0"]
[WhiteElo "2218"]
[BlackElo "1858"]
[PlyCount "85"]
[EventDate "2014.08.02"]
[EventType "team-swiss"]
[EventRounds "11"]
[EventCountry "NOR"]
[SourceTitle "CBM 162"]
[Source "ChessBase"]
[SourceDate "2014.09.17"]
[SourceVersion "1"]
[SourceVersionDate "2014.09.17"]
[SourceQuality "1"]
[WhiteTeam "Mozambique"]
[BlackTeam "Hong Kong"]
[WhiteTeamCountry "MOZ"]
[BlackTeamCountry "HKG"]

1. e4 Nf6 2. e5 Nd5 3. c4 Nb6 4. d4 d6 5. f4 dxe5 6. fxe5 Nc6 7. Be3 g6 8. h3 Bg7 9. Nf3 0-0 10. Be2 Bf5 11. Nc3 f6 12. g4 Bc8 13. e6 f5 14. Qd2 f4 15. Bf2 Na5 16. b3 c6 17. Ne4 Naxc4 18. bxc4 Bxe6 19. Rc1 h6 20. Nc5 Bc8 21. Nd3 g5 22. Nde5 Nd7 23. Nxd7 Bxd7 24. d5 Qc7 25. Bd4 e5 26. dxe6 Bxe6 27. Bxg7 Kxg7 28. Qd4+ Rf6 29. 0-0 Re8 30. Rfe1 c5 31. Qc3 h5 32. Nxg5 f3 33. Bxf3 Qg3+ 34. Bg2 Qf2+ 35. Kh1 Qd4 36. Qxd4 cxd4 37. Nxe6+ Rfxe6 38. Rxe6 Rxe6 39. Bxb7 d3 40. Rd1 Re3 41. gxh5 Kf6 42. c5 Ke6 43. Kg2 1-0

[Event "Olympiad-41"]
[Site "Tromsoe"]
[Date "2014.08.06"]
[Round "5.3"]
[White "Chan, Chak Man"]
[Black "Montalvo Rosario, Alejandro"]
[Result "0-1"]
[WhiteElo "1858"]
[BlackElo "2296"]
[PlyCount "56"]
[EventDate "2014.08.02"]
[EventType "team-swiss"]
[EventRounds "11"]
[EventCountry "NOR"]
[SourceTitle "CBM 162"]
[Source "ChessBase"]
[SourceDate "2014.09.17"]
[SourceVersion "1"]
[SourceVersionDate "2014.09.17"]
[SourceQuality "1"]
[WhiteTeam "Hong Kong"]
[BlackTeam "Puerto Rico"]
[WhiteTeamCountry "HKG"]
[BlackTeamCountry "PUR"]

1. Nf3 d5 2. g3 g6 3. Bg2 Bg7 4. d4 Nf6 5. 0-0 0-0 6. c4 c6 7. Nc3 Ne4 8. Qb3 dxc4 9. Qxc4 Nd6 10. Qd3 Be6 11. Rd1 Qa5 12. Ng5 Bc4 13. Qc2 h6 14. Nge4 Na6 15. Nxd6 exd6 16. Ne4 Bd5 17. Bf4 Rad8 18. Qd2 Qxd2 19. Bxd2 Rfe8 20. f3 Bxd4+ 21. e3 Bg7 22. Nc3 Be6 23. e4 d5 24. Ne2 dxe4 25. fxe4 Bg4 26. Kf1 Nc5 27. h3 Bxe2+ 28. Kxe2 Nxe4 0-1

[Event "Olympiad-41"]
[Site "Tromsoe"]
[Date "2014.08.03"]
[Round "2.3"]
[White "Chan, Chak Man"]
[Black "Ahmadi, Zabiullah"]
[Result "1-0"]
[WhiteElo "1858"]
[BlackElo "2031"]
[PlyCount "75"]
[EventDate "2014.08.02"]
[EventType "team-swiss"]
[EventRounds "11"]
[EventCountry "NOR"]
[SourceTitle "CBM 162"]
[Source "ChessBase"]
[SourceDate "2014.09.17"]
[SourceVersion "1"]
[SourceVersionDate "2014.09.17"]
[SourceQuality "1"]
[WhiteTeam "Hong Kong"]
[BlackTeam "Afghanistan"]
[WhiteTeamCountry "HKG"]
[BlackTeamCountry "AFG"]

1. Nf3 Nf6 2. d4 d5 3. c4 e6 4. g3 Be7 5. Bg2 c6 6. 0-0 0-0 7. Nc3 dxc4 8. Ne5 Nbd7 9. Nxc4 Nb6 10. Ne5 Nbd5 11. e4 Nb6 12. a4 c5 13. dxc5 Bxc5 14. a5 Nbd7 15. Nd3 e5 16. Bg5 h6 17. Bxf6 Qxf6 18. Nd5 Qd6 19. Qc2 a6 20. Nxc5 Qxc5 21. Qb3 Qa7 22. Rac1 Rb8 23. Rc7 Nf6 24. Nb6 Be6 25. Qc3 Rfe8 26. Rc1 Bg4 27. Qc4 Be6 28. Qc5 Bg4 29. f3 Bh5 30. f4 exf4 31. gxf4 Be2 32. e5 Nh7 33. Bd5 Bh5 34. e6 fxe6 35. Bxe6+ Rxe6 36. Qxh5 Rf6 37. Qg4 g5 38. Qd7 1-0